Coastal Capitals of the World - Statistics

General Stats
  • This quiz has been taken 436 times
    425 since last reset
  • The average score is 31 of 77
Answer Stats
Hint Answer % Correct
Europe Lisbon
66%
Europe Oslo
65%
North America Havana
64%
Europe Copenhagen
63%
South America Buenos Aires
62%
Europe Helsinki
62%
South America Lima
61%
Asia Tokyo
58%
Europe Dublin
56%
North America Kingston
56%
North America Port-au-Prince
53%
Europe Riga
53%
South America Montevideo
52%
Africa Tunis
52%
Africa Cape Town
51%
North America Panama City
51%
Oceania Wellington
51%
Africa Algiers
50%
South America Georgetown
50%
North America Santo Domingo
49%
Asia Jakarta
47%
Africa Tripoli
47%
North America Port of Spain
46%
Asia Singapore
46%
Africa Dakar
45%
Europe Monaco
45%
Africa Rabat
45%
Europe Tallinn
44%
Africa Accra
43%
Africa Luanda
43%
Africa Mogadishu
43%
Africa Maputo
42%
North America Nassau
42%
Europe Reykjavik
42%
North America Bridgetown
41%
Asia Doha
40%
Asia Abu Dhabi
39%
North America Basseterre
39%
North America Kingstown
39%
Asia Manila
39%
North America Castries City
38%
Europe Valletta
38%
Africa Freetown
37%
Asia Muscat
37%
Oceania Port Moresby
37%
Africa Djibouti
36%
Africa Lomé
36%
Africa Monrovia
36%
North America St. John's
36%
Asia Beirut
35%
Asia Manama
34%
Africa Porto-Novo
34%
North America Roseau
34%
Africa São Tomé
34%
Oceania Suva
34%
Africa Banjul
33%
Africa Port Louis
33%
Africa Victoria
33%
Africa Bissau
32%
Africa Conakry
32%
Africa Malabo
32%
Asia Dili
30%
Asia Kuwait City
30%
Africa Libreville
30%
Africa Moroni
30%
North America St. George's
30%
Oceania Apia
29%
Oceania Funafuti
28%
Oceania Yaren
27%
Oceania Port Vila
26%
Africa Nouakchott
25%
Oceania Majuro
24%
Oceania Honiara
22%
Asia Colombo
21%
Oceania Tarawa
20%
Africa Abidjan
14%
Oceania Melekeok
7%
No matching quizzes found
Score Distribution
Percent of People with Each Score
Percentile by Number Answered
Your Score History
You have not taken this quiz since the last reset